| Tag |
First Indicator |
Second Indicator |
Subfields |
| LEADER |
00000cam a2200000 4500 |
| 001 |
in00000044807 |
| 005 |
20151007075142.0 |
| 008 |
780525s1939 enka 00010 eng |
| 010 |
|
|
|a 41023179
|
| 035 |
|
|
|a (OCoLC)03927914
|
| 035 |
|
|
|9 AAF2728AM
|
| 040 |
|
|
|a DLC
|c NRC
|d NRC
|d TXA
|d UtOrBLW
|
| 049 |
|
|
|a TXAM
|c [374152]
|
| 050 |
0 |
0 |
|a TJ175
|b .D85 1939
|
| 082 |
0 |
|
|a 621.81
|
| 092 |
|
|
|a 621.81
|b D998p
|
| 100 |
1 |
|
|a Dyson, Fred.
|
| 245 |
1 |
0 |
|a Principles of mechanism /
|c by F. Dyson ...
|
| 250 |
|
|
|a 3d ed.
|
| 264 |
|
1 |
|a London :
|b Oxford University Press, H. Milford,
|c 1939.
|
| 300 |
|
|
|a vi pages 1 ., 364 pages :
|b diagrams ;
|c 22 cm.
|
| 336 |
|
|
|a text
|b txt
|2 rdacontent
|
| 337 |
|
|
|a unmediated
|b n
|2 rdamedia
|
| 338 |
|
|
|a volume
|b nc
|2 rdacarrier
|
| 500 |
|
|
|a "First edition 1928."
|
| 650 |
|
0 |
|a Machinery, Kinematics of.
|
| 740 |
0 |
|
|a Mechanism.
|
| 999 |
|
|
|a MARS
|
| 999 |
f |
f |
|s 8d98ba8d-9045-3434-978b-6692bb8a28e9
|i ff812ee4-d9ea-3498-882a-efafb45370a4
|t 0
|
| 952 |
f |
f |
|p ric
|a Texas A&M University
|b Rellis Campus
|c Joint Library Facility
|d Remote Storage
|t 0
|e TJ175 .D85 1939
|h Library of Congress classification
|i unmediated -- volume
|m A14801042044
|
| 998 |
f |
f |
|a TJ175 .D85 1939
|t 0
|l Remote Storage
|